00706cam a22002052 4500001001100000005001700011008004100028020002800069040001500097050002400112100004600136245010200182250001300284260004900297300003500346500002000381650003300401700003400434700003200468000000222120151217151844.0070404s xx 000 0 eng d a8120317076 :cKES 1,321 aKABUcKABU 0aHF5686b.C8H67 20001 aHorngren, Charles T.,d1926-.@000015149810aCost accounting :ba managerial emphasis /cCharles T. Horngren, George Foster, Srikant M. Datar. a10th ed. aNew Delhi :bPrentice Hall of India,cc2000. axxii, 906 p. :bill. ;c28 cm. aIncludes index. 0aCost accounting.@00001514971 aDatar, Srikant M.@00001514991 aFoster, George.@0000151500